Etiología de la mancha foliar del tulipán (Hibiscus rosa-sinensis) en Cuautla, Morelos, México / (Record no. 219480)
[ view plain ]
| 000 -CABECERA | |
|---|---|
| campo de control de longitud fija | 02646nam a2200289 a 4500 |
| 003 - IDENTIFICADOR DEL NÚMERO DE CONTROL | |
| campo de control | OSt |
| 005 - FECHA Y HORA DE LA ÚLTIMA TRANSACCIÓN | |
| campo de control | 20260210085212.0 |
| 007 - CAMPO FIJO DE DESCRIPCIÓN FÍSICA--INFORMACIÓN GENERAL | |
| campo de control de longitud fija | cr ||||||a|c|a |
| 008 - DATOS DE LONGITUD FIJA--INFORMACIÓN GENERAL | |
| campo de control de longitud fija | 231130s2019 mx a|||fom||| 001 0 spa d |
| 040 ## - FUENTE DE LA CATALOGACIÓN | |
| Normas de descripción | rda |
| 100 1# - ENTRADA PRINCIPAL--NOMBRE DE PERSONA | |
| 9 (RLIN) | 188390 |
| Nombre de persona | Ortega Piña, Erick |
| 245 10 - MENCIÓN DE TÍTULO | |
| Título | Etiología de la mancha foliar del tulipán (Hibiscus rosa-sinensis) en Cuautla, Morelos, México / |
| Mención de responsabilidad, etc. | por Erick Ortega Piña : director de tesis María de Lourdes Rodríguez Mejía. |
| 264 #1 - PRODUCCIÓN, PUBLICACIÓN, DISTRIBUCIÓN, FABRICACIÓN Y COPYRIGHT | |
| Producción, publicación, distribución, fabricación y copyright | Chapingo, México : |
| Nombre del de productor, editor, distribuidor, fabricante | El autor, |
| Fecha de producción, publicación, distribución, fabricación o copyright | 2019. |
| 300 ## - DESCRIPCIÓN FÍSICA | |
| Extensión | 1 recurso en línea ( 37 páginas): |
| Otras características físicas | figuras, cuadros. |
| 336 ## - TIPO DE CONTENIDO | |
| Fuente | rdacontent |
| Término de tipo de contenido | texto |
| Código de tipo de contenido | txt |
| 337 ## - TIPO DE MEDIO | |
| Fuente | rdamedia |
| Nombre/término del tipo de medio | computadora |
| Código del tipo de medio | c |
| 338 ## - TIPO DE SOPORTE | |
| Fuente | rdacarrier |
| Nombre/término del tipo de soporte | recurso en línea |
| Código del tipo de soporte | cr |
| 502 ## - NOTA DE TESIS | |
| Tipo de título | Ingeniero Agrónomo Especialista en Parasitología Agrícola |
| Nombre de la institución que otorga el título | Departamento de Enseñanza, Investigación y Servicio en Parasitología Agrícola, |
| Año de obtención del título | 2019. |
| Información miscelánea | Licenciatura |
| 504 ## - NOTA DE BIBLIOGRAFÍA, ETC. | |
| Nota de bibliografía, etc. | Incluye referencias bibliográficas: páginas 33-37. |
| 520 ## - SUMARIO, ETC. | |
| Sumario, etc. | En viveros y centros de acopio de Tulipán Mexicano en Cuautla, Morelos, se presenta una enfermedad caracterizada por manchas en hojas, tallos y sépalos, en el follaje son angulares, llegando a ser más frecuente en la temporada de lluvias donde la incidencia alcanza hasta un 60%. Con la finalidad de conocer la etiología de estas manchas, se realizó un estudio a partir de plantas enfermas, colectadas en viveros de Cuautla estado de Morelos, se aisló al microorganismo causal en medio B de King obteniendo el crecimiento de una bacteria, posteriormente se realizaron pruebas de patogenicidad en tabaco y siempreviva para observar hipersensibilidad, también se realizó la inoculación en el huésped homólogo bajo condiciones de alta humedad y mantenidas en invernadero, después de la reproducción de síntomas se procedió a la identificación a través de pruebas fenotípicas y se encontró que el agente causal producía el pigmento fluoresceína en medio BK y dio reacción positiva la utilización de ribosa y negativas para la oxidasa, sorbitol y dihidrolasa de arginina, y al realizar PCR con la amplificación del gen rpoB de 1247 pb en un termociclador marca BIO RAD, con los primers LAPS y LAPS 27, se determinó que el agente causal de la mancha foliar en tulipán es Pseudomonas syringae con un porcentaje de identidad de 99.90% y cobertura de 99% de la cadena doble de nucleótidos |
| 650 #0 - PUNTO DE ACCESO ADICIONAL DE MATERIA--TÉRMINO DE MATERIA | |
| Término de materia o nombre geográfico como elemento de entrada | Tulipanes |
| Subdivisión general | Enfermedades por bacterias |
| 9 (RLIN) | 174197 |
| 650 #4 - PUNTO DE ACCESO ADICIONAL DE MATERIA--TÉRMINO DE MATERIA | |
| 9 (RLIN) | 188391 |
| Término de materia o nombre geográfico como elemento de entrada | Mancha foliar del tulipán |
| 650 #4 - PUNTO DE ACCESO ADICIONAL DE MATERIA--TÉRMINO DE MATERIA | |
| 9 (RLIN) | 133046 |
| Término de materia o nombre geográfico como elemento de entrada | Pseudomonas syringae |
| Subdivisión general | Control biológico |
| 700 1# - PUNTO DE ACCESO ADICIONAL--NOMBRE DE PERSONA | |
| 9 (RLIN) | 98687 |
| Nombre de persona | Rodríguez Mejía, María de Lourdes |
| Término indicativo de función/relación | Director de tesis . |
| 856 ## - LOCALIZACIÓN Y ACCESO ELECTRÓNICOS | |
| Identificador Uniforme del Recurso | http://10.13.5.2/tesis/tl/Ortega_Pina_Erick.pdf |
| Nota pública | DESCARGAR PDF |
| 942 ## - ELEMENTOS DE PUNTO DE ACCESO ADICIONAL (KOHA) | |
| Fuente del sistema de clasificación o colocación | Clasificación Universidad Autónoma Chapingo |
| Tipo de ítem Koha | Tesis digital |
| Estado de retiro | Estado de pérdida | Fuente del sistema de clasificación o colocación | Estado dañado | Restricciones de uso | No para préstamo | Código de colección | Localización permanente | Ubicación/localización actual | Ubicación en estantería | Fecha de adquisición | Total de préstamos | Signatura topográfica completa | Fecha visto por última vez | Precio válido a partir de | Tipo de ítem Koha |
|---|---|---|---|---|---|---|---|---|---|---|---|---|---|---|---|
| Clasificación Universidad Autónoma de Chapingo | Préstamo interno | Tesis digitales de Licenciatura | Biblioteca Digital | Biblioteca Digital | En línea | 30/11/2023 | Tesis digital | 30/11/2023 | 30/11/2023 | Tesis digital |
